| 000 | 01046nam a2200325Ia 4500 | ||
|---|---|---|---|
| 003 | OSt | ||
| 005 | 20221007123057.0 | ||
| 006 | a|||||r|||| 00| 0 | ||
| 007 | ta | ||
| 008 | 221006b |||||||| |||| 00| 0 eng d | ||
| 020 | _a9783319532660 (hbk) | ||
| 024 | _a199141 | ||
| 037 |
_b119, 27/02/2018, Aviva Books Company _cTextual |
||
| 040 |
_aPAPL _cPAPL _beng |
||
| 041 |
_2eng _aeng |
||
| 082 | _aCN1, Q7 Carpa | ||
| 100 |
_ad'Emilio Emilio _9716347 |
||
| 245 | 0 |
_aProblems in quantum mechanics: with solutions _b Picasso Luigi E |
|
| 250 | _a2 | ||
| 260 |
_aSwitzerland _bSpringer _c2017 |
||
| 300 |
_axi, 383p. ill. _ccm. |
||
| 500 | _aAppendix A-B 375-378p.; Index 379-383p. | ||
| 650 | _a Angular momentum | ||
| 650 |
_a Representations _9716118 |
||
| 650 |
_a Waves and corpuscles _9716348 |
||
| 650 | _aPhysics | ||
| 700 |
_a Picasso Luigi E _9716349 |
||
| 942 |
_hCN1, Q7 Carpa _cTEXL _2CC |
||
| 999 |
_c1211346 _d1211346 |
||